000 00500nam a2200181Ia 4500
999 _c9762
_d9762
003 OSt
005 20191218140039.0
008 190216s9999||||xx |||||||||||||| ||und||
020 _a0852267347
040 _coclc
082 _a337
_bROY/I
100 _aRoy, P N
_9557
245 0 _aInternational Trade Theory And Practice /
_cP N Roy
260 _bWiley Eastern Ltd,
_c1986.
_aNew Delhi:
300 _a415p
650 _aEconomics
942 _cBK
_2ddc
_h337
_iROY/I
_k337
_mROY/I